000 00536nam a2200193 a 4500
001 000039643
003 OSt
005 20201030105745.0
008 130712s2012 dr 000 0 spa d
020 _a9789945475425
040 _aDO-SdBNP
_bspa
_cBNPHU
082 _axxxx
_bxxxx
100 1 _aRodríguez, Rafael P.
_912299
245 1 0 _aEn el vértigo de las palabras /
_cRafael P. Rodríguez.
260 _aSanto Domingo :
_bRumbo Norte,
_c2012.
300 _a68 p. ;
_c22 cm.
590 _aInventariado, 2020/ YL
942 _2ddc
_cLBS1
999 _c39133
_d39133